000 01169cam a22003377a 4500
003 CHAP
005 20220329141304.0
008 971010s1983 r 00010 d
010 _a65838
011 _a66810
035 _a75785
040 _cCHAP
090 _aTesis
100 0 0 _aFonseca Ruiz, Marcelino.
_942145
245 0 _aEcuaciones de predicción de la estabilidad de los agregados y modelo de ruptura de los suelos del área de influencia de Chapingo
260 _aChapingo, Méx. :
_bEl autor,
_c1983
300 _a95 h.
_b: ilus. ; láms.
502 _aTesis (Ing. Agr. Esp. en Suelos). -- UACH. Departamento de Suelos
590 _aALEPH
_b10
_c20130110
_lUCH01
_h1358
590 _aBATCH-UPD
_b10
_c20130110
_lUCH01
_h1527
590 _aCONVERSION
_b10
_c20130109
_lUCH01
_h1336
650 1 4 _aSuelos
_xAgregados.
_9110196
650 1 4 _aSuelos
_xCostras.
_9110331
650 1 4 _aSuelos
_xEstructura.
_9110360
901 _aBK
942 _cFOLL
949 _bBC
_cTES
_d-149783
_eTS1
_i75785
_si
949 _bBC
_cTES
_d-149784
_eTS2
_fc.2
_i75785
_si
949 _bBC
_cTES
_d-149785
_eTS2
_fc.3
_h22048
_i75785
_si
949 _bZA
_cTESBD
_d-8761
_eTS1
_h105
_i75785
_si
999 _c65838
_d65838